Európai identitás kerestetik a "non", a "nee" és az "honte" tanulságai
Elmentve itt :
| Szerző: | |
|---|---|
| További közreműködők: | |
| Adatforrás: | Philobibl |
| Forrásdokumentuma: | Európai Szemle 16.2005:4. p. 37-47. |
| Dokumentumtípus: | Cikk |
| Nyelv: | magyar |
| Kulcsszavak: | Európa-tudat identitás történetiség tudomány civilizáció koherencia |
| LEADER | 00564nab a2200181 c 4500 | ||
|---|---|---|---|
| 001 | bibPHI0043909 | ||
| 005 | 20200924125211.4 | ||
| 008 | 100922s2005 hu hun | ||
| 100 | 1 | |a Schmale, Wolfgang | |
| 245 | 1 | 0 | |a Európai identitás kerestetik |b a "non", a "nee" és az "honte" tanulságai |c Wolfgang Schmale ; [ford. Murányi Beatrix] |
| 695 | |a Európa-tudat | ||
| 695 | |a identitás | ||
| 695 | |a történetiség | ||
| 695 | |a tudomány | ||
| 695 | |a civilizáció | ||
| 695 | |a koherencia | ||
| 700 | 1 | |a Murányi Beatrix | |
| 773 | 0 | |t Európai Szemle |g 16.2005:4. p. 37-47. | |